LIBRARY & INFORMATION CENTRE, KCAET, TAVANUR

ONLINE PUBLIC ACCESS CATALOGUE (OPAC)

Manushya poshanathil velichenna / (Record no. 8505)

MARC details
000 -LEADER
fixed length control field 00405cam a2200157ua 4500
041 ## - LANGUAGE CODE
Language code of text/sound track or separate title mal
082 ## - DEWEY DECIMAL CLASSIFICATION NUMBER
Classification number 641.3461
Item number ARA/MA
100 ## - MAIN ENTRY--AUTHOR NAME
Personal name Aravindakshan, M .
245 00 - TITLE STATEMENT
Title Manushya poshanathil velichenna /
250 ## - EDITION STATEMENT
Edition statement 1 /
260 ## - PUBLICATION, DISTRIBUTION, ETC. (IMPRINT)
Place of publication Kerala :
Name of publisher Coconut Development Board ,
Year of publication 1997.
300 ## - PHYSICAL DESCRIPTION
Number of Pages 115 ; .
942 ## - ADDED ENTRY ELEMENTS (KOHA)
Koha item type Books
Holdings
Withdrawn status Lost status Damaged status Home library Current library Date acquired Full call number Accession Number Koha item type
      KAUAET KAUAET 07/04/2012 641.3461 ARV/MA 19817 Books
free website counter